Statistics for A-Z of Ancient Rome

Click here to take the quiz!

General Stats

  • This quiz has been taken 766 times
  • The average score is 13 of 21

Answer Stats

Letter Hint Answer % Correct
AFirst Roman EmperorAugustus
96%
LLanguage of the Roman EmpireLatin
95%
CRival of Rome, destroyed in the Punic WarsCarthage
91%
NEmperor who supposedly fiddled while Rome burnedNero
91%
JRoman King of the GodsJupiter
90%
GRoman Arena FighterGladiator
89%
HEmperor famous for his WallHadrian
88%
RInfamous River crossed by CaesarRubicon
76%
TAlliance of Three Men, the first was between Caesar, Pompey, and CrassusTriumvirate
74%
BRoman God of WineBacchus
74%
VAncient Roman Poet who wrote the AeneidVirgil
64%
ORoman Poet, author of MetamorphosesOvid
63%
MMember of the Second Triumvirate, main rival of OctavianMark Antony
63%
FOriginal Name for the Colosseum{Flavian} Amphitheatre
57%
PPeriod of peace for the Roman Empire, established by AugustusPax Romana
54%
SOriginally Carthaginian territory, over which the First Punic War was foughtSicily or Sardinia
53%
DEmperor who established the TetrarchyDiocletian
45%
EAdolescent Roman Emperor famous for his sexual taboosElagabalus
15%
ZEmperor who presided over the definite end of the Western Roman EmpireZeno
15%
QTeacher who taught Pliny the Younger and TacitusQuintilian
5%
ISoldier who carried the image of the emperor in battleImaginifer
2%

Score Distribution

Percentile by Number Answered

Percent of People with Each Score

Your Score History

You have not taken this quiz